Armas nucleares y política internacional / (Record no. 126713)

MARC details
000 -LEADER
campo de control de longitud fija 01376nam a2200325 i 4500
001 - NÚMERO DE CONTROL
campo de control 990003692880204201
003 - IDENTIFICADOR DE NÚMERO DE CONTROL
campo de control BJBSDDR
005 - FECHA Y HORA DE LA ÚLTIMA TRANSACCIÓN
campo de control 20260327180459.0
006 - CÓDIGOS DE INFORMACIÓN DE LONGITUD FIJA--CARACTERÍSTICAS DEL MATERIAL ADICIONAL
campo de control de longitud fija a|||||r|||| 00| 0
007 - CAMPO FIJO DE DESCRIPCIÓN FÍSICA--INFORMACIÓN GENERAL
campo de control de longitud fija ta
008 - DATOS DE LONGITUD FIJA--INFORMACIÓN GENERAL
campo de control de longitud fija 930414s1962 sp r 000 0 spa d
035 ## - NÚMERO DE CONTROL DEL SISTEMA
Número de control de sistema CSIC000369288
035 ## - NÚMERO DE CONTROL DEL SISTEMA
Número de control de sistema (ES-MaCSI)000369288MAD01-Aleph
035 ## - NÚMERO DE CONTROL DEL SISTEMA
Número de control de sistema (OCoLC)318155714
040 ## - FUENTE DE CATALOGACIÓN
Centro catalogador/agencia de origen ES-MaCSI
Lengua de catalogación spa
Centro/agencia transcriptor VL
041 ## - CÓDIGO DE IDIOMA
Código de lengua del texto/banda sonora o título independiente spa
050 ## - SIGNATURA TOPOGRÁFICA DE LA BIBLIOTECA DEL CONGRESO
Número de ítem K61a 1962
080 ## - NÚMERO DE LA CLASIFICACIÓN DECIMAL UNIVERSAL
Número de la Clasificación Decimal Universal 327(100)
100 1# - ENTRADA PRINCIPAL--NOMBRE DE PERSONA
Nombre de persona Kissinger, Henry A.,
Forma completa/desarrollada del nombre (Henry Alfred),
Fechas asociadas al nombre 1923-2023
9 (RLIN) 19616
245 10 - MENCIÓN DEL TÍTULO
Título Armas nucleares y política internacional /
Mención de responsabilidad, etc. Henry A. Kissinger.
260 ## - PUBLICACIÓN, DISTRIBUCIÓN, ETC.
Lugar de publicación, distribución, etc. Madrid :
Nombre del editor, distribuidor, etc. Rialp,
Fecha de publicación, distribución, etc. 1962.
300 ## - DESCRIPCIÓN FÍSICA
Extensión 348 páginas ;
Dimensiones 19 cm.
490 1# - MENCIÓN DE SERIE
Mención de serie Libros de bolsillo (Rialp) ;
Designación de volumen o secuencia 15
520 ## - RESUMEN, ETC.
Sumario, etc. Kissinger analiza cómo las armas nucleares transformaron las relaciones internacionales y la estrategia militar.<br/>Explora la disuasión nuclear, el equilibrio estratégico entre superpotencias y las tensiones inherentes entre seguridad nacional y riesgo global.<br/>El libro combina historia, teoría estratégica, y propuestas de política exterior, y se basa en el trabajo de Kissinger antes de ser funcionario del gobierno de los EE. UU.
650 #7 - PUNTO DE ACCESO ADICIONAL DE MATERIA--TÉRMINO DE MATERIA
Término de materia o nombre geográfico como elemento de entrada Armas nucleares.
Fuente del encabezamiento o término CSICAU
650 #7 - PUNTO DE ACCESO ADICIONAL DE MATERIA--TÉRMINO DE MATERIA
Término de materia o nombre geográfico como elemento de entrada Política internacional.
Fuente del encabezamiento o término CSICAU
830 #0 - PUNTO DE ACCESO ADICIONAL DE SERIE-TÍTULO UNIFORME
Título uniforme Libros de bolsillo (Rialp) ;
Designación de volumen o secuencia 15
942 ## - ELEMENTOS DE ENTRADA SECUNDARIOS (KOHA)
Fuente del sistema de clasificación o colocación Clasificación de Library of Congress
Suprimir en OPAC No
Tipo de ítem Koha Libro
946 ## - PROCESAMIENTO DE INFORMACIÓN LOCAL (OCLC)
Iniciales del agente catalogador llh
Holdings
Estatus retirado Estado de pérdida Fuente del sistema de clasificación o colocación Estado de daño No para préstamo Colección Biblioteca de origen Biblioteca actual Ubicación en estantería Fecha de adquisición Signatura topográfica completa Código de barras Visto por última vez Copia número Tipo de ítem Koha
    Clasificación de Library of Congress     Automatización y Procesos Técnicos Biblioteca Juan Bosch Biblioteca Juan Bosch Automatización y Procesos Técnicos (1er. Piso) 27/03/2026 K61a 1962 00000198489 27/03/2026 1 Libro